书目信息 |
| 题名: |
新款奥迪车系电路图集
|
|
| 作者: | 高宇主编 | |
| 分册: | ||
| 出版信息: | 北京 机械工业出版社 2012 |
|
| 页数: | 94页 | |
| 开本: | 26×37cm | |
| 丛书名: | ||
| 单 册: | ||
| 中图分类: | U463.62-64 | |
| 科图分类: | ||
| 主题词: | 汽车--电路图--图集 | |
| 电子资源: | ||
| ISBN: | 978-7-111-38094-8 | |
| 000 | 00836nam0 22002171 450 | |
| 001 | 012015000001 | |
| 005 | 20150911082948.50 | |
| 010 | @a978-7-111-38094-8@dCNY78.00 | |
| 100 | @a20120815d2012 em y0chiy50 ea | |
| 101 | 0 | @achi |
| 102 | @aCN@b110000 | |
| 105 | @aa z 000yy | |
| 106 | @ar | |
| 200 | 1 | @a新款奥迪车系电路图集@AXin Kuan Ao Di Che Xi Dian Lu Tu Ji@f高宇主编 |
| 210 | @a北京@c机械工业出版社@d2012 | |
| 215 | @a94页@c图@d26×37cm | |
| 330 | @a本图集收集了2011~2012年款新奥迪车系电路图,主要包括:奥迪A4L、A6L、A8、Q5、Q7、R8、A3、A5、TT等车型。本书将连线繁杂的信号分为电源供电、输入信号、输出信号三大类,且以不同颜色标注区分。本图集采用全彩印制,资料分类清楚,系统易查,醒目实用。 | |
| 606 | 0 | @a汽车@x电路图@j图集 |
| 690 | @aU463.62-64@v5 | |
| 801 | 0 | @aCN@b碧洲教育@c20150716 |
| 905 | @a10447@f4@dU463.62-64@e247 | |
| 新款奥迪车系电路图集/高宇主编.-北京:机械工业出版社,2012 |
| 94页:图;26×37cm |
| ISBN 978-7-111-38094-8:CNY78.00 |
| 本图集收集了2011~2012年款新奥迪车系电路图,主要包括:奥迪A4L、A6L、A8、Q5、Q7、R8、A3、A5、TT等车型。本书将连线繁杂的信号分为电源供电、输入信号、输出信号三大类,且以不同颜色标注区分。本图集采用全彩印制,资料分类清楚,系统易查,醒目实用。 |
| ● |
| 相关链接 |
|
|
|
|
正题名:新款奥迪车系电路图集
索取号:U463.62-64/247
 
预约/预借
| 序号 | 登录号 | 条形码 | 馆藏地/架位号 | 状态 | 备注 |
| 1 | 0870988 | 208709888 | 第二样本阅览室/ [索取号:U463.62-64/247] | 在馆 | |
| 2 | 0870989 | 208709897 | 密集书库-物理学院/ [索取号:U463.62-64/247] | 在馆 | |
| 3 | 0870990 | 208709904 | 第三借阅区/ [索取号:U463.62-64/247] | 在馆 | |
| 4 | 0870991 | 208709913 | 密集书库-物理学院/ [索取号:U463.62-64/247] | 在馆 |